000 00717nam a2200241 a 4500
001 13118
003 BD-JhCC
005 20230711093756.0
008 190625s20202018bg a|||| ||a| 000 0 ben d
020 _a9789848881852
035 _a(BD-JhCC)13118
040 _aBD-JhCC
_dBD-JhCC
041 _aben
082 _a891.4435
_bHOQ 2020
100 _aহক, আনিসুল
245 _aটোনা ও টুনির গল্প /
_cআনিসুল হক ।
260 _aঢাকা :
_bঘাস ফড়িং,
_c২০২০.
300 _a৮০ পৃ. :
_c২২ সেমি.
650 _aBengali story
650 _ajuvenile literature
942 _2ddc
_cBK
_02
999 _c13118
_d13118